|
|
|
|
| LEADER |
01182nam a2200277 a 4500 |
| 001 |
1277893 |
| 008 |
091105s1975 enk b 001 0 eng d |
| 020 |
|
|
|a 0198770529.
|
| 020 |
|
|
|a 0198770537
|b pbk.
|
| 040 |
|
|
|a DLC
|c DLC
|d DLC
|
| 082 |
0 |
0 |
|a 331.1/1/091724
|
| 100 |
1 |
|
|a Sen, Amartya,
|d 1933-
|
| 245 |
1 |
0 |
|a Employment, technology and development :
|b a study prepared for the International Labour Office within the framework of the World Employment Programme /
|c Amartya Sen ; with a foreword by Louis Emmerij.
|
| 260 |
|
|
|a Oxford :
|b Clarendon Press,
|c 1975.
|
| 300 |
|
|
|a xi, 193 p. ;
|c 21 cm.
|
| 490 |
0 |
|
|a Economic development series
|
| 504 |
|
|
|a Includes Bibliography (p. 165-186.)and index.
|
| 650 |
|
0 |
|a Labor supply
|z Developing countries.
|
| 650 |
|
0 |
|a Manpower policy
|z Developing countries.
|
| 650 |
|
0 |
|a Manpower policy
|z India.
|
| 650 |
|
0 |
|a Capital investments.
|
| 541 |
1 |
|
|e 00001172
|
| 710 |
2 |
|
|a International Labour Office.
|
| 852 |
4 |
|
|a Ayesha Abed Library
|j General Shelf
|
| 999 |
|
|
|c 5694
|d 5694
|
| 952 |
|
|
|0 0
|1 0
|2 ddc
|4 0
|6 331_110917240000000_SEN_1975
|7 0
|9 5624
|a BRACUL
|b BRACUL
|c GEN
|d 2009-11-21
|g 336.00
|l 0
|o 331.11091724 SEN
|p 3010001172
|r 2009-11-21
|t 1
|v 672.00
|w 2009-11-21
|y BK
|